Statistics for Guess the EU countries

Click here to take the quiz!

General Stats

  • This quiz has been taken 26 times
  • The average score is 23 of 27

Answers on the Map

Answers color-coded by a green-red scale on the quiz's map according to % correct below.
 

Answer Stats

Answer% Correct
Malta
100%
Finland
95%
Denmark
90%
Estonia
90%
France
90%
Netherlands
90%
Romania
90%
Spain
90%
Sweden
90%
Belgium
86%
Bulgaria
86%
Cyprus
86%
Germany
86%
Greece
86%
Ireland
86%
Italy
86%
Latvia
86%
Luxembourg
86%
Poland
86%
Portugal
86%
Croatia
81%
Hungary
81%
Lithuania
81%
Slovenia
81%
Czech Republic
76%
Slovakia
76%
Austria
71%

Score Distribution

Percentile by Number Answered

Percent of People with Each Score

Your Score History

You have not taken this quiz